[Event "Moscow VAO FM-A 06"]
[Site "Moscow"]
[Date "2016.07.04"]
[Round "6"]
[White "Esenov, Annaberdi"]
[Black "Lagashin, Pavel"]
[Result "0-1"]
[WhiteElo "2279"]
[BlackElo "2167"]
[PlyCount "72"]
[EventDate "2016.06.29"]
[EventType "tourn"]
[EventRounds "9"]
[EventCountry "RUS"]
[SourceTitle "EXT 2018"]
[Source "ChessBase"]
[SourceDate "2017.10.13"]
[SourceVersion "1"]
[SourceVersionDate "2017.10.13"]
[SourceQuality "1"]

1. e4 c5 2. f4 Nc6 3. Nf3 e6 4. Bb5 Nge7 5. 0-0 a6 6. Bxc6 Nxc6 7. b3 Be7 8. Bb2 0-0 9. d3 d5 10. Nbd2 b5 11. a4 Bb7 12. Qe2 Qd7 13. Qf2 d4 14. e5 Nb4 15. Ne4 Bxe4 16. dxe4 Rfd8 17. Rfd1 Qb7 18. Qe2 Qb6 19. Kh1 Rac8 20. axb5 axb5 21. f5 Rc7 22. Qf2 Qc6 23. Qe2 Rcd7 24. Bc1 d3 25. cxd3 Nxd3 26. Rf1 c4 27. bxc4 Qxc4 28. f6 Bc5 29. Bg5 h6 30. Bh4 g5 31. Bxg5 Nf2+ 32. Rxf2 Bxf2 33. Qxf2 Rd1+ 34. Rxd1 Rxd1+ 35. Ng1 hxg5 36. Qe3 Qc1 0-1

[Event "Moscow VAO FM-A 06"]
[Site "Moscow"]
[Date "2016.07.02"]
[Round "4"]
[White "Esenov, Annaberdi"]
[Black "Saulin, Dmitri"]
[Result "0-1"]
[WhiteElo "2279"]
[BlackElo "2401"]
[PlyCount "80"]
[EventDate "2016.06.29"]
[EventType "tourn"]
[EventRounds "9"]
[EventCountry "RUS"]
[SourceTitle "EXT 2018"]
[Source "ChessBase"]
[SourceDate "2017.10.13"]
[SourceVersion "1"]
[SourceVersionDate "2017.10.13"]
[SourceQuality "1"]

1. e4 c5 2. Nf3 g6 3. d4 Bg7 4. Nc3 Nc6 5. dxc5 Bxc3+ 6. bxc3 Qa5 7. Qd3 Nf6 8. Be3 Nxe4 9. Nd2 Nxc5 10. Qc4 Na4 11. Bd4 Nxd4 12. cxd4 0-0 13. Rb1 Nb6 14. Qd3 d6 15. Rb5 Qxa2 16. Be2 Bd7 17. Rg5 Rac8 18. Bd1 a6 19. h4 Qe6+ 20. Kf1 Bb5 21. Rxb5 axb5 22. Qxb5 Nc4 23. Nf3 Ra8 24. g3 Ra1 25. Kg2 Rxd1 26. Rxd1 Qe2 27. Qb3 Qxd1 28. Qxc4 b5 29. Qxb5 Qxc2 30. g4 Qe4 31. Kg3 Rc8 32. h5 Kg7 33. Qb3 gxh5 34. gxh5 h6 35. Nh4 e6 36. Qb2 Kh7 37. f3 Qe1+ 38. Kh3 Qh1+ 39. Qh2 Qxh2+ 40. Kxh2 Rc4 0-1

[Event "Budapest FS05 GM"]
[Site "Budapest"]
[Date "2016.05.14"]
[Round "7"]
[White "Esenov, Annaberdi"]
[Black "Bagi, Mate"]
[Result "0-1"]
[WhiteElo "2314"]
[BlackElo "2456"]
[PlyCount "136"]
[EventDate "2016.05.07"]
[EventType "tourn"]
[EventRounds "9"]
[EventCountry "HUN"]
[EventCategory "7"]
[SourceTitle "CBM 172 Extra"]
[Source "ChessBase"]
[SourceDate "2016.06.21"]
[SourceVersion "1"]
[SourceVersionDate "2016.06.21"]
[SourceQuality "1"]

1. e4 e5 2. Nf3 Nc6 3. Bb5 a6 4. Ba4 Nge7 5. d3 g6 6. h4 h6 7. Nc3 d6 8. Be3 Bg7 9. Qd2 b5 10. Bb3 Na5 11. d4 Nxb3 12. axb3 Bb7 13. d5 f5 14. Qd3 0-0 15. b4 Qd7 16. Nh2 fxe4 17. Qxe4 c6 18. dxc6 Bxc6 19. Qd3 d5 20. Bc5 e4 21. Qe2 Qe6 22. Qg4 Rf5 23. 0-0 h5 24. Qh3 Bb7 25. Rfe1 Re5 26. Qxe6+ Rxe6 27. Nf3 Nf5 28. Ng5 Ree8 29. g3 Rad8 30. Rad1 e3 31. Bb6 Rc8 32. Nxd5 e2 33. Rd2 Bxd5 34. Rxd5 Rxc2 35. Be3 Rxb2 36. Rd2 Nxe3 37. Rxb2 Bxb2 38. Rxe2 Bc3 39. fxe3 Bxb4 40. Rc2 a5 41. Rc6 Rxe3 42. Rxg6+ Kf8 43. Rf6+ Ke7 44. Rf5 Rxg3+ 45. Kf1 a4 46. Rxb5 Rb3 47. Rb7+ Kf6 48. Ra7 a3 49. Ke2 Kf5 50. Nf3 Rb2+ 51. Kd3 Rb3+ 52. Ke2 Rb2+ 53. Kd3 Kg4 54. Nd4 Kxh4 55. Nc2 Rb3+ 56. Ke2 Bf8 57. Ra8 Rb2 58. Kd3 a2 59. Nd4 Kh3 60. Kc3 Rf2 61. Ra7 Bc5 62. Ra5 Bxd4+ 63. Kxd4 h4 64. Ke3 Rb2 65. Kf3 Kh2 66. Kg4 h3 67. Ra3 Kg2 68. Rg3+ Kf2 0-1

[Event "Budapest FS05 GM"]
[Site "Budapest"]
[Date "2016.05.09"]
[Round "3"]
[White "Esenov, Annaberdi"]
[Black "Atabayev, Maksat"]
[Result "0-1"]
[WhiteElo "2314"]
[BlackElo "2483"]
[PlyCount "108"]
[EventDate "2016.05.07"]
[EventType "tourn"]
[EventRounds "9"]
[EventCountry "HUN"]
[EventCategory "7"]
[SourceTitle "CBM 172 Extra"]
[Source "ChessBase"]
[SourceDate "2016.06.21"]
[SourceVersion "1"]
[SourceVersionDate "2016.06.21"]
[SourceQuality "1"]

1. e4 c5 2. f4 e6 3. Nf3 a6 4. c4 d5 5. e5 Nc6 6. b3 Nh6 7. d3 Nf5 8. g4 Nfd4 9. Be3 h5 10. g5 b5 11. cxd5 Nf5 12. Bf2 exd5 13. h4 g6 14. Bg2 Be6 15. 0-0 Be7 16. Nc3 0-0 17. Ne2 Rc8 18. Kh2 Qd7 19. Rc1 d4 20. Ng3 Nxg3 21. Kxg3 Nb4 22. Qd2 Bf5 23. Ne1 Rfd8 24. Kh2 Qe6 25. a3 Nc6 26. Nc2 a5 27. b4 axb4 28. axb4 Nxb4 29. Nxb4 cxb4 30. Rxc8 Rxc8 31. Bxd4 Rd8 32. Qe3 Qd7 33. Bb2 Qxd3 34. Qa7 Qd7 35. Qb6 Qe6 36. Qf2 Rc8 37. Rc1 Rxc1 38. Bxc1 Qc4 39. Bb2 Bc5 40. Qd2 Bd3 41. e6 fxe6 42. Be5 Qc2 43. Qxc2 Bxc2 44. Bf1 Bf2 45. Bxb5 Bxh4 46. Kg1 Be1 47. Kh2 Kf7 48. Bd6 Be4 49. Bc4 Bc3 50. Kg3 Bc2 51. Bb5 b3 52. Ba4 Bd1 53. Ba3 b2 54. Bxb2 Be1+ 0-1

[Event "Budapest FS05 GM"]
[Site "Budapest"]
[Date "2016.05.07"]
[Round "1"]
[White "Chernyshov, Konstantin"]
[Black "Esenov, Annaberdi"]
[Result "1-0"]
[WhiteElo "2503"]
[BlackElo "2314"]
[PlyCount "131"]
[EventDate "2016.05.07"]
[EventType "tourn"]
[EventRounds "9"]
[EventCountry "HUN"]
[EventCategory "7"]
[SourceTitle "CBM 172 Extra"]
[Source "ChessBase"]
[SourceDate "2016.06.21"]
[SourceVersion "1"]
[SourceVersionDate "2016.06.21"]
[SourceQuality "1"]

1. d4 Nf6 2. Bg5 g6 3. Nc3 d5 4. Qd2 h6 5. Bf4 c6 6. f3 b5 7. a3 a5 8. e4 e6 9. Nh3 Ba6 10. Nf2 Nbd7 11. Bd3 Nb6 12. 0-0 Nc4 13. Bxc4 bxc4 14. Rfe1 Bg7 15. Rad1 h5 16. Bg5 Qd7 17. Na4 Qc7 18. Bf4 Qd8 19. Nc5 Bc8 20. b3 cxb3 21. cxb3 0-0 22. Bh6 Kh7 23. Bxg7 Kxg7 24. Qf4 Ra7 25. e5 Nh7 26. h4 f5 27. exf6+ Rxf6 28. Qg3 Qc7 29. Re5 Qd6 30. Rde1 Raf7 31. Nfd3 Nf8 32. R1e3 Nd7 33. Nxd7 Rxd7 34. Qe1 Ra7 35. Nc5 Kf7 36. Re2 Rf5 37. Qd2 Rxe5 38. Rxe5 Kg7 39. Qe3 Re7 40. Qe1 Qd8 41. Rg5 Kh7 42. f4 Qh8 43. Re5 Qf6 44. g3 Ra7 45. Qe3 Re7 46. Kf2 Kg7 47. Ke1 Kf7 48. Kd2 Ra7 49. Kc1 Qe7 50. Kb2 Qf6 51. Qe1 Ra8 52. Qc3 Qe7 53. Nd3 Bd7 54. Rg5 Be8 55. Ne5+ Kg7 56. g4 hxg4 57. h5 Qf6 58. Qd2 Rc8 59. hxg6 Rc7 60. Nxg4 Qf8 61. Qe3 Qd6 62. Qh3 Qxf4 63. Qh7+ Kf8 64. g7+ Ke7 65. g8Q+ Kd6 66. Qh2 1-0

[Event "Chigorin Memorial 23rd"]
[Site "St Petersburg"]
[Date "2015.10.07"]
[Round "5"]
[White "Paravyan, David"]
[Black "Esenov, Annaberdi"]
[Result "1-0"]
[WhiteElo "2486"]
[BlackElo "2323"]
[PlyCount "157"]
[EventDate "2015.10.03"]
[EventType "swiss"]
[EventRounds "9"]
[EventCountry "RUS"]
[SourceTitle "CBM 168 Extra"]
[Source "ChessBase"]
[SourceDate "2015.10.29"]
[SourceVersion "1"]
[SourceVersionDate "2015.10.29"]
[SourceQuality "1"]

1. d4 Nf6 2. c4 g6 3. g3 Bg7 4. Bg2 d6 5. Nf3 0-0 6. 0-0 Nc6 7. Nc3 e5 8. d5 Na5 9. c5 e4 10. Ng5 dxc5 11. Ngxe4 Nxe4 12. Nxe4 b6 13. Bg5 f6 14. Bf4 Bd7 15. Rc1 Rc8 16. Qd2 g5 17. Be3 Nb7 18. b4 cxb4 19. Qxb4 h6 20. f4 g4 21. f5 h5 22. Qa3 Qe8 23. Bd4 Nd6 24. Nxd6 cxd6 25. e4 Bb5 26. Rxc8 Qxc8 27. Rc1 Qd7 28. Be3 Rc8 29. h4 gxh3 30. Bf3 Rc4 31. Rxc4 Bxc4 32. Kh2 Qb5 33. Kxh3 Be2 34. Bf4 Qb1 35. Kh2 Qc2 36. Bg2 Bd3 37. Qb4 Qxa2 38. Kg1 Bf8 39. Bxd6 Qb1+ 40. Qxb1 Bxb1 41. Bb8 Bc5+ 42. Kh2 a5 43. d6 Kf7 44. Bc7 Ke8 45. Bf1 Kd7 46. Bb5+ Kc8 47. Ba6+ Kd7 48. Bb5+ Kc8 49. e5 fxe5 50. f6 Ba2 51. Be8 e4 52. f7 Bxf7 53. Bxf7 e3 54. Bxh5 a4 55. Bg4+ Kb7 56. Bf3+ Kc8 57. Bg4+ Kb7 58. Bd8 Bxd6 59. Bg5 Bc5 60. Kg2 Kc6 61. Kf3 Kd5 62. Bh5 Kc4 63. Ke2 Kc3 64. g4 b5 65. Bf7 Bd4 66. Bxe3 Bg7 67. Kd1 Kb2 68. Bc1+ Kb1 69. Bg6+ Ka2 70. Bf7+ Kb1 71. Be8 Bf8 72. Bxb5 a3 73. Bd3+ Ka1 74. Kc2 Be7 75. Bd2 Bf6 76. Bc3+ Bxc3 77. Kxc3 a2 78. Bc4 Kb1 79. Bxa2+ 1-0

[Event "Chigorin Memorial 23rd"]
[Site "St Petersburg"]
[Date "2015.10.06"]
[Round "4"]
[White "Esenov, Annaberdi"]
[Black "Pogosian, Vladimir"]
[Result "1-0"]
[WhiteElo "2323"]
[BlackElo "2167"]
[PlyCount "135"]
[EventDate "2015.10.03"]
[EventType "swiss"]
[EventRounds "9"]
[EventCountry "RUS"]
[SourceTitle "CBM 168 Extra"]
[Source "ChessBase"]
[SourceDate "2015.10.29"]
[SourceVersion "1"]
[SourceVersionDate "2015.10.29"]
[SourceQuality "1"]

1. e4 d6 2. d4 Nf6 3. Nc3 e5 4. dxe5 dxe5 5. Qxd8+ Kxd8 6. Nf3 Bd6 7. Bg5 c6 8. 0-0-0 Kc7 9. Bc4 Rf8 10. Rxd6 Kxd6 11. Rd1+ Kc7 12. Nxe5 Be6 13. Be2 Nbd7 14. Bf4 Nxe5 15. Bxe5+ Kc8 16. f4 Rd8 17. Re1 Ne8 18. f5 Bd7 19. Na4 f6 20. Bf4 g5 21. Bg3 Ng7 22. Nc5 Be8 23. e5 Nh5 24. Bxh5 Bxh5 25. Ne6 Rg8 26. exf6 Re8 27. Rf1 Rg8 28. Ng7 Bf7 29. Re1 Rd8 30. Ne6 Re8 31. Nxg5 Rxe1+ 32. Bxe1 Bd5 33. f7 Kd7 34. Bb4 Bxf7 35. Nxf7 Re8 36. Kd2 Re4 37. Ba3 b6 38. Kd3 Re1 39. Bb4 Re8 40. Ng5 c5 41. Nxh7 Re5 42. Nf6+ Ke7 43. Bc3 Rxf5 44. Ne4 b5 45. a3 Ke6 46. b4 cxb4 47. axb4 Rh5 48. h3 Rh4 49. Bd4 Kd5 50. Nf6+ Ke6 51. Ng4 Rh7 52. c3 Kf5 53. Ke3 Rd7 54. Ne5 Rh7 55. Kf3 Ke6 56. Ke4 Rh4+ 57. Ng4 Rh7 58. Nf2 a6 59. g4 Re7 60. Nd3 Kf7+ 61. Ne5+ Kg8 62. h4 Re8 63. h5 Kh7 64. g5 Ra8 65. Ng4 a5 66. g6+ Kg8 67. bxa5 Rxa5 68. Nh6+ 1-0

[Event "Chigorin Memorial 23rd"]
[Site "St Petersburg"]
[Date "2015.10.04"]
[Round "2"]
[White "Esenov, Annaberdi"]
[Black "Kunin, Pavel"]
[Result "1-0"]
[WhiteElo "2323"]
[BlackElo "1957"]
[PlyCount "71"]
[EventDate "2015.10.03"]
[EventType "swiss"]
[EventRounds "9"]
[EventCountry "RUS"]
[SourceTitle "CBM 168 Extra"]
[Source "ChessBase"]
[SourceDate "2015.10.29"]
[SourceVersion "1"]
[SourceVersionDate "2015.10.29"]
[SourceQuality "1"]

1. e4 c5 2. Nf3 e6 3. d4 cxd4 4. Nxd4 a6 5. c4 Nf6 6. Nc3 Qc7 7. Be2 Be7 8. 0-0 0-0 9. Be3 d6 10. Rc1 Nbd7 11. f4 Rd8 12. Qe1 Nc5 13. f5 Ncxe4 14. fxe6 fxe6 15. Nxe4 Nxe4 16. Bg4 Nc5 17. Qg3 a5 18. Bh5 Rf8 19. Rxf8+ Bxf8 20. Rf1 g6 21. Bxg6 hxg6 22. Qxg6+ Qg7 23. Rxf8+ Kxf8 24. Bh6 Qxh6 25. Qxh6+ Kf7 26. Qh7+ Kf6 27. Qh8+ Kg6 28. Qg8+ Kf6 29. Qf8+ Kg6 30. g4 b6 31. h4 Bb7 32. Qe7 Rg8 33. h5+ Kh6 34. Qf6+ Kh7 35. g5 Be4 36. Qh6# 1-0

[Event "Budapest FS07 IM"]
[Site "Budapest"]
[Date "2015.07.13"]
[Round "10"]
[White "Esenov, Annaberdi"]
[Black "Krstulovic, Alex"]
[Result "1-0"]
[WhiteElo "2289"]
[BlackElo "2235"]
[PlyCount "73"]
[EventDate "2015.07.04"]
[EventType "tourn"]
[EventRounds "11"]
[EventCountry "HUN"]
[EventCategory "1"]
[SourceTitle "CBM 167 Extra"]
[Source "ChessBase"]
[SourceDate "2015.09.14"]
[SourceVersion "1"]
[SourceVersionDate "2015.09.14"]
[SourceQuality "1"]

1. e4 c5 2. Nf3 d6 3. d4 cxd4 4. Nxd4 Nf6 5. Nc3 a6 6. Bc4 e6 7. Bb3 b5 8. 0-0 Be7 9. Qf3 Qb6 10. Be3 Qb7 11. Qg3 0-0 12. Bh6 Ne8 13. Rad1 Nc6 14. Nxc6 Qxc6 15. Nd5 Bd8 16. Bc1 Bb7 17. Nf4 Nf6 18. f3 Be7 19. Kh1 a5 20. c3 a4 21. Bc2 b4 22. Bd2 Ba6 23. Nd3 Rab8 24. Rfe1 a3 25. e5 Nh5 26. Qg4 bxc3 27. bxc3 Bxd3 28. Bxd3 g6 29. exd6 Bxd6 30. Bc2 Qc7 31. g3 Rb2 32. Bb3 Be5 33. Bc1 Rxb3 34. axb3 Bxc3 35. Bxa3 Ra8 36. Bd6 Qb7 37. Qe4 1-0

[Event "Budapest FS07 IM"]
[Site "Budapest"]
[Date "2015.07.12"]
[Round "9"]
[White "Esenov, Annaberdi"]
[Black "Farago, Sandor"]
[Result "1-0"]
[WhiteElo "2289"]
[BlackElo "2283"]
[PlyCount "69"]
[EventDate "2015.07.04"]
[EventType "tourn"]
[EventRounds "11"]
[EventCountry "HUN"]
[EventCategory "1"]
[SourceTitle "CBM 167 Extra"]
[Source "ChessBase"]
[SourceDate "2015.09.14"]
[SourceVersion "1"]
[SourceVersionDate "2015.09.14"]
[SourceQuality "1"]

1. e4 c5 2. Nf3 Nc6 3. d4 cxd4 4. Nxd4 Qb6 5. Nb3 Nf6 6. Nc3 a6 7. Be3 Qc7 8. Nd5 Nxd5 9. exd5 Ne5 10. f4 Nc4 11. Bxc4 Qxc4 12. Qd2 d6 13. 0-0-0 Bg4 14. Rde1 Rc8 15. Kb1 Bf5 16. Re2 Be4 17. Rd1 Qb5 18. Qe1 f5 19. g4 fxg4 20. Bf2 Bf3 21. Nd4 Qxd5 22. Nxf3 Qxf3 23. Bh4 Rc7 24. Rxd6 Rd7 25. Rxd7 Kxd7 26. Re3 Qc6 27. f5 h5 28. Rc3 Qb6 29. Qd1+ Ke8 30. Rc8+ Kf7 31. Qd5+ e6 32. fxe6+ Kg6 33. Qg5+ Kh7 34. Qxh5+ Kg8 35. Rxf8+ 1-0

[Event "Budapest FS07 IM"]
[Site "Budapest"]
[Date "2015.07.10"]
[Round "7"]
[White "Esenov, Annaberdi"]
[Black "Umudova, Nargiz"]
[Result "1-0"]
[WhiteElo "2289"]
[BlackElo "2267"]
[PlyCount "61"]
[EventDate "2015.07.04"]
[EventType "tourn"]
[EventRounds "11"]
[EventCountry "HUN"]
[EventCategory "1"]
[SourceTitle "CBM 167 Extra"]
[Source "ChessBase"]
[SourceDate "2015.09.14"]
[SourceVersion "1"]
[SourceVersionDate "2015.09.14"]
[SourceQuality "1"]

1. e4 c6 2. d4 d5 3. e5 Bf5 4. Nc3 e6 5. g4 Bg6 6. Nge2 Nd7 7. h4 f6 8. h5 Bf7 9. f4 Qb6 10. g5 c5 11. Rh3 cxd4 12. Nxd4 Bc5 13. Be3 fxg5 14. fxg5 Ne7 15. Na4 Qa5+ 16. c3 Bxd4 17. Bxd4 0-0-0 18. b4 Qc7 19. Bxa7 Qxe5+ 20. Be2 Nc6 21. Be3 Qc7 22. b5 Ne7 23. b6 Qd6 24. c4 Nc6 25. Nc3 Qb4 26. Bf2 d4 27. Rb1 Qe7 28. Ne4 Nc5 29. Nxc5 Qxc5 30. Rb5 Qa3 31. Rxa3 1-0

[Event "Budapest FS07 IM"]
[Site "Budapest"]
[Date "2015.07.06"]
[Round "3"]
[White "Esenov, Annaberdi"]
[Black "Kakabayaev, Mergen"]
[Result "1-0"]
[WhiteElo "2289"]
[BlackElo "2233"]
[PlyCount "107"]
[EventDate "2015.07.04"]
[EventType "tourn"]
[EventRounds "11"]
[EventCountry "HUN"]
[EventCategory "1"]
[SourceTitle "CBM 167 Extra"]
[Source "ChessBase"]
[SourceDate "2015.09.14"]
[SourceVersion "1"]
[SourceVersionDate "2015.09.14"]
[SourceQuality "1"]

1. d4 Nf6 2. c4 g6 3. g3 Bg7 4. Bg2 0-0 5. Nc3 d6 6. Nf3 Nc6 7. 0-0 a6 8. d5 Na5 9. Nd2 c5 10. Qc2 Rb8 11. b3 b5 12. Bb2 e5 13. dxe6 Bxe6 14. cxb5 axb5 15. Rfd1 Bf5 16. e4 Bg4 17. f3 Be6 18. Bf1 c4 19. bxc4 bxc4 20. Ba3 Nd7 21. Rab1 Ne5 22. Kg2 Nac6 23. Rxb8 Qxb8 24. Rb1 Nd4 25. Qa4 Qc7 26. Qa6 Qc8 27. Qxc8 Rxc8 28. f4 Ng4 29. Bxd6 Nf3 30. Nxf3 Bxc3 31. Be2 Nf6 32. Ng5 Bd2 33. Nxe6 fxe6 34. Rb8 Rxb8 35. Bxb8 c3 36. Bd3 Ng4 37. Kf3 Nxh2+ 38. Ke2 g5 39. a4 Ng4 40. a5 Be3 41. a6 gxf4 42. gxf4 h5 43. a7 Bxa7 44. Bxa7 h4 45. Bc4 Kf7 46. f5 c2 47. fxe6+ Ke8 48. Kd2 h3 49. Bf1 h2 50. Bg2 Ke7 51. Kxc2 Kxe6 52. Kd3 Ke5 53. Bb8+ Kf6 54. Ke2 1-0

[Event "Budapest FS07 IM"]
[Site "Budapest"]
[Date "2015.07.04"]
[Round "1"]
[White "Esenov, Annaberdi"]
[Black "Szeberenyi, Adam"]
[Result "1/2-1/2"]
[WhiteElo "2289"]
[BlackElo "2347"]
[PlyCount "79"]
[EventDate "2015.07.04"]
[EventType "tourn"]
[EventRounds "11"]
[EventCountry "HUN"]
[EventCategory "1"]
[SourceTitle "CBM 167 Extra"]
[Source "ChessBase"]
[SourceDate "2015.09.14"]
[SourceVersion "1"]
[SourceVersionDate "2015.09.14"]
[SourceQuality "1"]

1. e4 c5 2. f4 Nc6 3. Nf3 g6 4. Bc4 Bg7 5. Nc3 e6 6. e5 d6 7. exd6 Qxd6 8. Ne4 Qe7 9. d3 Nf6 10. c3 0-0 11. 0-0 Na5 12. Bb3 Nxb3 13. axb3 b6 14. Qe2 Bb7 15. Nf2 Rfd8 16. Bd2 Qd6 17. c4 Nh5 18. Ne5 f6 19. Neg4 Qc6 20. Nd1 Rxd3 21. Bc3 Rad8 22. Nge3 Qe4 23. Rxa7 Rxd1 24. Rxd1 Rxd1+ 25. Qxd1 Qxe3+ 26. Kf1 Qxf4+ 27. Ke1 Qb8 28. Qd7 Qxa7 29. Qe8+ Bf8 30. Qxe6+ Kg7 31. Qd7+ Kh8 32. g4 Qb8 33. gxh5 Bg7 34. h6 Bxh6 35. Bxf6+ Kg8 36. Qe6+ Kf8 37. Be7+ Kg7 38. Bf6+ Kf8 39. Be7+ Kg7 40. Bf6+ 1/2-1/2

[Event "Dushanbe zt 3.4"]
[Site "Dushanbe"]
[Date "2015.06.07"]
[Round "4"]
[White "Dzhumaev, Marat"]
[Black "Esenov, Annaberdi"]
[Result "1-0"]
[WhiteElo "2502"]
[BlackElo "2287"]
[PlyCount "107"]
[EventDate "2015.06.04"]
[EventType "swiss"]
[EventRounds "9"]
[EventCountry "TJK"]
[SourceTitle "CBM 167 Extra"]
[Source "ChessBase"]
[SourceDate "2015.09.14"]
[SourceVersion "1"]
[SourceVersionDate "2015.09.14"]
[SourceQuality "1"]

1. e4 c5 2. Nf3 d6 3. d4 cxd4 4. Nxd4 Nf6 5. Nc3 a6 6. f4 e6 7. Qf3 Qc7 8. Bd3 b5 9. g4 b4 10. Nce2 d5 11. Ng3 dxe4 12. Nxe4 Bb7 13. Nxf6+ gxf6 14. Be4 Ra7 15. Be3 Bxe4 16. Qxe4 Qb7 17. Qxb7 Rxb7 18. Ke2 Rc7 19. Kf3 h5 20. h3 Nd7 21. Rhe1 e5 22. Nf5 hxg4+ 23. Kxg4 Rc4 24. Rad1 Rg8+ 25. Kf3 e4+ 26. Kf2 Rxc2+ 27. Kf1 Bc5 28. Rc1 Rgg2 29. Rxc2 Rxc2 30. Re2 Rxe2 31. Kxe2 Kf8 32. Ng3 Bxe3 33. Kxe3 Nb6 34. Kd4 Na4 35. b3 Nc3 36. a4 f5 37. Nxf5 Nd1 38. Kxe4 Nf2+ 39. Kf3 Nd3 40. Nd4 Nc5 41. Kg4 f6 42. Kf5 Kf7 43. h4 Nb7 44. Ke4 Kg6 45. Kd5 Nd8 46. Kc5 Kh5 47. Kb6 Kxh4 48. Kxa6 Kg4 49. f5 Kf4 50. Ne6+ Kxf5 51. Nxd8 Ke4 52. Kb5 f5 53. a5 f4 54. Ne6 1-0

[Event "Dushanbe zt 3.4"]
[Site "Dushanbe"]
[Date "2015.06.06"]
[Round "3"]
[White "Esenov, Annaberdi"]
[Black "Kostenko, Petr"]
[Result "1/2-1/2"]
[WhiteElo "2287"]
[BlackElo "2458"]
[PlyCount "138"]
[EventDate "2015.06.04"]
[EventType "swiss"]
[EventRounds "9"]
[EventCountry "TJK"]
[SourceTitle "CBM 167 Extra"]
[Source "ChessBase"]
[SourceDate "2015.09.14"]
[SourceVersion "1"]
[SourceVersionDate "2015.09.14"]
[SourceQuality "1"]

1. e4 c5 2. f4 d5 3. exd5 Nf6 4. Bb5+ Bd7 5. Bxd7+ Qxd7 6. c4 e6 7. Qe2 Bd6 8. d3 0-0 9. dxe6 fxe6 10. Nf3 Nc6 11. 0-0 Rae8 12. Nc3 e5 13. f5 Qxf5 14. Bg5 e4 15. dxe4 Nxe4 16. Rae1 Nf6 17. Qd1 Rxe1 18. Rxe1 Nd4 19. Bxf6 Nxf3+ 20. Qxf3 Qxf3 21. gxf3 Rxf6 22. Re8+ Kf7 23. Ra8 Rg6+ 24. Kf1 a6 25. Ra7 Bxh2 26. Rxb7+ Kf8 27. Ne4 Rg1+ 28. Ke2 h5 29. Nxc5 h4 30. Ne6+ Kg8 31. f4 Rg6 32. Rb8+ Kf7 33. Ng5+ Ke7 34. Rb7+ Ke8 35. Nh3 Rg2+ 36. Kf1 Rc2 37. b3 Rxa2 38. Rxg7 Bg3 39. c5 Rh2 40. c6 Rxh3 41. Rg8+ Kf7 42. c7 Rh1+ 43. Kg2 Rh2+ 44. Kf3 Rf2+ 45. Ke3 Bxf4+ 46. Kxf2 Bxc7 47. Ra8 Ke6 48. Rxa6+ Kd5 49. Rh6 Bg3+ 50. Ke3 Kc5 51. Kd3 Kb4 52. Kc2 Kc5 53. Rh5+ Kd4 54. Kd2 Bf4+ 55. Ke2 Bg3 56. Kd2 Bf4+ 57. Kc2 Bg3 58. Rh7 Be1 59. Re7 Bg3 60. Rd7+ Ke3 61. b4 h3 62. b5 h2 63. Rd1 Kf2 64. b6 Kg2 65. b7 Bf4 66. Kd3 Bb8 67. Rb1 Bc7 68. Ke4 h1Q 69. Rxh1 Kxh1 1/2-1/2

[Event "Universiad Men 27th"]
[Site "Kazan"]
[Date "2013.07.14"]
[Round "7"]
[White "Esenov, Annaberdi"]
[Black "Chaulagain, Purushottam"]
[Result "1-0"]
[WhiteElo "2255"]
[BlackElo "1923"]
[PlyCount "61"]
[EventDate "2013.07.09"]
[EventType "swiss"]
[EventRounds "9"]
[EventCountry "RUS"]
[SourceTitle "EXT 2014"]
[Source "ChessBase"]
[SourceDate "2013.11.20"]
[SourceVersion "1"]
[SourceVersionDate "2013.11.20"]
[SourceQuality "1"]

1. e4 c5 2. Nf3 Nc6 3. d4 cxd4 4. Nxd4 Nf6 5. Nc3 e5 6. Ndb5 Bb4 7. Nd6+ Ke7 8. Nxc8+ Rxc8 9. Bd3 d5 10. exd5 Nxd5 11. 0-0 Nxc3 12. bxc3 Bd6 13. Qh5 h6 14. f4 g6 15. Qg4 Kf8 16. Kh1 exf4 17. Bxf4 Kg7 18. Rad1 Bxf4 19. Qxf4 Rf8 20. Bf5 Qc7 21. Bxc8 Qxf4 22. Rxf4 Rxc8 23. Rd7 Ne5 24. Rxb7 Rxc3 25. Rxa7 Rxc2 26. Rf1 g5 27. Re7 Rc5 28. a4 Kg6 29. Ra1 h5 30. a5 Nc6 31. Rc7 1-0

[Event "Universiad Men 27th"]
[Site "Kazan"]
[Date "2013.07.09"]
[Round "1"]
[White "Esenov, Annaberdi"]
[Black "Tazbir, Marcin"]
[Result "0-1"]
[WhiteElo "2255"]
[BlackElo "2561"]
[PlyCount "104"]
[EventDate "2013.07.09"]
[EventType "swiss"]
[EventRounds "9"]
[EventCountry "RUS"]
[SourceTitle "CBM 155 Extra"]
[Source "ChessBase"]
[SourceDate "2013.08.26"]
[SourceVersion "1"]
[SourceVersionDate "2013.08.26"]
[SourceQuality "1"]

1. e4 c6 2. d4 d5 3. Nc3 g6 4. e5 Bg7 5. f4 Nh6 6. Nf3 f6 7. Bd3 0-0 8. Qe2 fxe5 9. fxe5 Bg4 10. Bg5 Nf5 11. Qf2 Bxf3 12. gxf3 Qb6 13. Ne2 Qxb2 14. 0-0 Qa3 15. Nf4 Na6 16. Ne6 Nb4 17. Bxf5 Rxf5 18. Bc1 Qa4 19. Rb1 b6 20. Rb3 Na6 21. Qe2 Qc4 22. Qxc4 dxc4 23. Ra3 Nb4 24. Nc7 Rc8 25. Rxa7 Nxc2 26. Ne6 Bf8 27. f4 b5 28. Bd2 Kf7 29. Ng5+ Kg8 30. Ne6 Kf7 31. Ng5+ Ke8 32. Ne6 Bh6 33. Rc1 Kf7 34. d5 cxd5 35. Ra6 c3 36. Rxc2 cxd2 37. Rxd2 Rxe5 38. fxe5 Bxd2 39. Kf2 Rc4 40. Nd8+ Kg7 41. Ra7 Bb4 42. Rd7 Rc2+ 43. Kg3 Rxa2 44. Rxd5 Be1+ 45. Kh3 h5 46. Ne6+ Kh6 47. Rd1 Bc3 48. Rd5 Re2 49. Nf4 Re3+ 50. Kg2 Bxe5 51. Nd3 Bd6 52. h4 b4 0-1

[Event "Agzamov Memorial 06th"]
[Site "Tashkent"]
[Date "2012.03.12"]
[Round "7"]
[White "Farid, Firman Syah"]
[Black "Esenov, Annaberdi"]
[Result "1-0"]
[WhiteElo "2251"]
[BlackElo "2321"]
[PlyCount "49"]
[EventDate "2012.03.06"]
[EventType "swiss"]
[EventRounds "9"]
[EventCountry "UZB"]
[SourceTitle "CBM 147 Extra"]
[Source "ChessBase"]
[SourceDate "2012.04.24"]
[SourceVersion "1"]
[SourceVersionDate "2012.04.24"]
[SourceQuality "1"]

1. e4 c5 2. Nf3 d6 3. d4 cxd4 4. Nxd4 Nf6 5. Nc3 a6 6. Bg5 e6 7. f4 Qb6 8. Qd3 Qxb2 9. Rb1 Qa3 10. f5 Nc6 11. fxe6 fxe6 12. Nxc6 bxc6 13. Be2 Be7 14. Bh5+ g6 15. e5 dxe5 16. Rb3 Qc5 17. Bxg6+ hxg6 18. Bxf6 Rh6 19. Bxe7 Kxe7 20. Ne4 Qd4 21. Qf3 g5 22. Rf1 Bd7 23. Rd3 Qb4+ 24. c3 Qb1+ 25. Rd1 1-0